000
00215nam a2200097Ia 4500
005
20251222114341.0
008
251222s1900||||xx |||||||||||||| ||spa||
082
_a
DVD0050/G45/1985/Ej.2
245
0
_a
Brazil:
942
_c
DVD
999
_c
856
_d
856